Materials and Methods in ELT : a teacher's guide / (Record no. 5859)
[ view plain ]
| 000 -LEADER | |
|---|---|
| fixed length control field | 00549nam a22001817a 4500 |
| 003 - CONTROL NUMBER IDENTIFIER | |
| control field | BUBTL |
| 008 - FIXED-LENGTH DATA ELEMENTS--GENERAL INFORMATION | |
| fixed length control field | 190108b xxu||||| |||| 00| 0 eng d |
| 082 ## - DEWEY DECIMAL CLASSIFICATION NUMBER | |
| Classification number | 428.0071/ M1471m/ 2003 |
| 100 ## - MAIN ENTRY--PERSONAL NAME | |
| Personal name | McDonough, Jo |
| 9 (RLIN) | 4791 |
| 245 ## - TITLE STATEMENT | |
| Title | Materials and Methods in ELT : a teacher's guide / |
| Remainder of title | Jo McDonough and Christopher Shaw |
| 250 ## - EDITION STATEMENT | |
| Edition statement | 2nd Edn. |
| 260 ## - PUBLICATION, DISTRIBUTION, ETC. (IMPRINT) | |
| Place of publication, distribution, etc. | New Delhi |
| Name of publisher, distributor, etc. | Blackwell Publishing |
| Date of publication, distribution, etc. | c2003 |
| 300 ## - PHYSICAL DESCRIPTION | |
| Extent | 279p. |
| Other physical details | Pictures |
| 500 ## - GENERAL NOTE | |
| General note | Includes index |
| 650 ## - SUBJECT ADDED ENTRY--TOPICAL TERM | |
| Topical term following geographic name as entry element | English Language |
| 856 ## - ELECTRONIC LOCATION AND ACCESS | |
| Password | 0 |
| Logon | 0 |
| Link text | Download |
| 942 ## - ADDED ENTRY ELEMENTS (KOHA) | |
| Source of classification or shelving scheme | |
| Koha item type | Books |
| Edition | 2nd Edn. |
| Withdrawn status | Lost status | Source of classification or shelving scheme | Damaged status | Not for loan | Collection code | Permanent location | Current location | Shelving location | Date acquired | Source of acquisition | Total Checkouts | Full call number | Barcode | Date last seen | Copy number | Price effective from | Koha item type | Date last checked out |
|---|---|---|---|---|---|---|---|---|---|---|---|---|---|---|---|---|---|---|
| Non-fiction | Bangladesh University of Business and Technology Library | Bangladesh University of Business and Technology Library | English Literature Stacks | 01/08/2019 | purchase | 428.0071 / MCM | BUBTL-200313346 | 01/08/2019 | C-1 | 01/08/2019 | Books | |||||||
| Non-fiction | Bangladesh University of Business and Technology Library | Bangladesh University of Business and Technology Library | English Literature Stacks | 01/08/2019 | purchase | 428.0071 / MCM | BUBTL-200313347 | 01/08/2019 | C-2 | 01/08/2019 | Books | |||||||
| Non-fiction | Bangladesh University of Business and Technology Library | Bangladesh University of Business and Technology Library | English Literature Stacks | 01/08/2019 | purchase | 1 | 428.0071 / MCM | BUBTL-200313348 | 05/08/2022 | C-3 | 01/08/2019 | Books | 03/02/2022 | |||||
| Non-fiction | Bangladesh University of Business and Technology Library | Bangladesh University of Business and Technology Library | English Literature Stacks | 01/08/2019 | purchase | 428.0071 / MCM | BUBTL-200313349 | 01/08/2019 | C-4 | 01/08/2019 | Books | |||||||
| Not For Loan | Non-fiction | Bangladesh University of Business and Technology Library | Bangladesh University of Business and Technology Library | English Literature Stacks | 01/08/2019 | purchase | 428.0071 / MCM | BUBTL-200313350 | 01/08/2019 | C-5 | 01/08/2019 | Books | ||||||
| Not For Loan | Non-fiction | Bangladesh University of Business and Technology Library | Bangladesh University of Business and Technology Library | English Literature Stacks | 01/08/2019 | purchase | 428.0071 / MCM | BUBTL-200313351 | 01/08/2019 | C-6 | 01/08/2019 | Books | ||||||
| Not For Loan | Non-fiction | Bangladesh University of Business and Technology Library | Bangladesh University of Business and Technology Library | English Literature Stacks | 01/08/2019 | purchase | 428.0071 / MCM | BUBTL-200313352 | 01/08/2019 | C-7 | 01/08/2019 | Books |
